000 01947nam a22001937a 4500
005 20260415112121.0
008 250219b |||||||| |||| 00| 0 eng d
082 _22024
_aUT
100 _aBuhawe, Janha May
_965516
245 _aOn-the-job training program's contribution to tourism graduates:
_b Skills, personal Qualities, and competencies /
_cJanha May Buhawe, Mary Aeros Sanzzle Cerdon, and Steffany Pantojan
260 _aDigos City :
_bUMDC,
_c©January 2024,
300 _aviii, 46 pages :
_billustration (some colors) ;
_c29 cm.
500 _aIncludes references and appendices.
520 _aDespite the prevalence of OJT programs in the tourism industry, there is a need to investigate any potential gaps or shortcomings in the OJT programs that may hinder the full realization of their contribution to the development of competent and well-prepared tourism professionals. By addressing these issues, this study aimed to assess the contribution level of an OJT program to 38 tourism graduates from SY 2018-2022. A quantitative descriptive research design was employed, utilizing numeric data to measure various program effectiveness indicators. The study results indicated that the OJT program had a high level of contribution to the tourism graduates. The indicators assessed in the study, such as interpersonal competencies, technical skills, and overall competency, received positive participant ratings. These ratings suggest that the OJT program successfully provided the graduates with the necessary skills and knowledge to excel in the tourism industry. However, despite the high ratings, the study also identified areas for improvement in the OJT program. The researchers proposed enhancing programs to understand further and address any identified gaps.
650 0 _aTourism management
_xUndergraduate thesis.
_970587
700 _aCerdon, Mary Aeros Sanzzle
_965517
700 _aPantojan, Steffany
_965518
942 _2ddc
_cUT
999 _c23509
_d23509